000 02061cam a22004574i 4500
003 PE-LiUPU
005 20250731172806.0
008 150617s r 000 0 d
020 _a8430109242
035 _a(Sirsi) i9788430109241
040 _aPE-LiUPU
_bspa
_cPE-LiUPU
_erda
049 _aPRUA
082 0 4 _a220.6
_bF128p
_221
100 1 _aFabris, Rinaldo,
_eeditor.,
_eautor.
245 1 0 _aProblemas y perspectivas de las Ciencias Bíblicas /
_cRinaldo Fabris (ed.) ; [tradujo del italiano, Alfonso Ortiz García].
264 1 _aSalamanca :
_bSígueme,
_c1983.
300 _a494 páginas ;
_c21 centímetros.
336 _atext
_2rdacontent
337 _aunmediated
_2rdamedia
338 _avolume
_2rdacarrier
490 0 _a(Biblioteca de estudios bíblicos ;
_v48)
504 _aIncluye bibliografía.
505 0 _aProblemas de introducción bíblica: Las tradiciones en los libros históricos del antiguo testamento. Nuevas orientaciones -- La literatura intertestamentaria -- Apócrifos y escritores judíos -- Literatura rabínica y "targumim" -- La literatura gnóstica y el nuevo testamento -- Las cartas de la tradición paulina -- Historia de los orígenes -El éxodo y la alianza en la exégesis moderna -- El Déutero-Isaías -- Job y Qohelet -- Crisis de la sabiduría -- Tradición y redacción en JN 1-12 -- Puntos claves de la teología bíblica -- Redacción y teología de los evangelios sinópticos -- Puntos clave en la teología de Pablo -- La resurrección de Jesús -- realidad histórica e interpretación -- La iglesia primitiva: experiencia espiritual e interpretación teológica -- Escatología e historia.
526 _aSEG42
526 _aSEG41
526 _aSEG40
526 _aSEG39
526 _aP94
526 _aP87
526 _aP86
526 _aP85
526 _aP77
526 _aP76
526 _aP35
630 1 4 _aTeología bíblica.
910 _ajck
942 _2ddc
_cBK
980 _81
_gALBERTO SANCHEZ Responsable de Automatización
999 _c3705
_d3705